[Event "1st Sharjah Masters 2017"]
[Site "masterchessopen.com Sharjah UAE"]
[Date "2017.03.28"]
[Round "6.35"]
[White "Dutta,J"]
[Black "Antonio,V"]
[Result "0-1"]
[WhiteElo "2145"]
[BlackElo "2410"]

1.d4 Nf6 2.c4 g6 3.Nc3 Bg7 4.e4 d6 5.f3 O-O 6.Be3 Nbd7 7.Qd2 c5 8.Nge2 a6
9.Rd1 Qa5 10.Nd5 Qxd2+ 11.Rxd2 Nxd5 12.cxd5 c4 13.Rc2 b5 14.b3 Nb6 15.Nc1 Bd7
16.bxc4 bxc4 17.Ne2 Rab8 18.Nc3 Na4 19.Kd2 Nxc3 20.Kxc3 Rfc8 21.Be2 e6 22.dxe6
Bxe6 23.Rhc1 d5 24.exd5 Bxd5 25.Rb2 Rb5 26.Rcb1 Ra5 27.Rb8 Ra3+ 28.Kd2 Rxa2+
29.Ke1 Rf8 30.Rxf8+ Kxf8 31.Rb8+ Ke7 32.Rc8 a5 33.Rc5 Ke6 34.Bxc4 Bxc4 35.Rxc4
Rxg2 36.Ra4 Bf8 37.Rxa5 Rxh2 38.Kf1 Bd6 39.Ra6 Rh5 40.Ke2 Rb5 41.Bf4 Rd5
42.Ke3 g5 43.Bh2 h5 44.Ke4 f5+ 45.Ke3 h4 46.Be5 g4 47.fxg4 fxg4 48.Kf4 Rxd4+
49.Ke3 Kxe5 {#R} 0-1

[Event "11th ch-SRB 2017"]
[Site "masterchessopen.com Kragujevac SRB"]
[Date "2017.03.28"]
[Round "6.1"]
[White "Ivanisevic,I"]
[Black "Todorovic,GM"]
[Result "1-0"]
[WhiteElo "2630"]
[BlackElo "2457"]

1.c4 e6 2.g3 d5 3.Bg2 c6 4.Nf3 Nd7 5.O-O Ngf6 6.d4 Bd6 7.Nc3 O-O 8.Nd2 c5
9.cxd5 exd5 10.dxc5 Nxc5 11.Nb3 Nxb3 12.axb3 Be6 13.Nxd5 Nxd5 14.Bxd5 Qe7
15.Bxe6 Qxe6 16.Ra4 Bc5 17.Rc4 Bb6 18.Qc2 Rfe8 19.e3 Rad8 20.Bd2 Rd5 21.Rh4 h5
22.Bc3 Bd8 23.Rd4 Rb5 24.Rfd1 Bb6 25.Rc4 Bd8 26.Rdd4 Rd5 27.Qd1 Rxd4 28.Rxd4
Bb6 29.Rd6 Qh3 30.Qd5 Qg4 31.h3 Qxh3 32.Rg6 Re7 33.Rxg7+ {#r} 1-0

[Event "11th ch-SRB 2017"]
[Site "masterchessopen.com Kragujevac SRB"]
[Date "2017.03.28"]
[Round "6.2"]
[White "Pap,M"]
[Black "Radovanovic,Mihajlo"]
[Result "1-0"]
[WhiteElo "2493"]
[BlackElo "2357"]

1.e4 d6 2.d4 Nf6 3.Nc3 e5 4.dxe5 dxe5 5.Qxd8+ Kxd8 6.Bg5 Be6 7.O-O-O+ Kc8 8.f4
exf4 9.Bxf4 Nh5 10.Be3 Nd7 11.Nf3 Bc5 12.Nd4 Ne5 13.Na4 Be7 14.Nxe6 fxe6 15.g3
Ng4 16.Bd4 Bg5+ 17.Kb1 Nhf6 18.h3 Rd8 19.Bc4 e5 20.Be6+ Kb8 21.Bc3 {#r} 1-0

[Event "11th ch-SRB 2017"]
[Site "masterchessopen.com Kragujevac SRB"]
[Date "2017.03.28"]
[Round "6.3"]
[White "Markus,Rob"]
[Black "Milanovic,Da"]
[Result "1-0"]
[WhiteElo "2671"]
[BlackElo "2502"]

1.d4 Nf6 2.Nf3 c5 3.d5 b5 4.Bg5 Qb6 5.Bxf6 Qxf6 6.c3 d6 7.e3 a6 8.Nbd2 Nd7
9.a4 b4 10.cxb4 cxb4 11.Ne4 Qg6 12.Qd4 f5 13.Neg5 Nc5 14.Bc4 h6 15.Ne6 Qxg2
16.Ke2 Bxe6 17.Rhg1 Qxg1 18.Rxg1 Bf7 19.Bd3 Rg8 20.Qxb4 Bxd5 21.Bc4 Bf7 22.Nd4
g6 23.Bxf7+ Kxf7 24.Qc4+ e6 25.b4 d5 26.Qc2 Ne4 27.Qc7+ Be7 28.Qe5 {#r} 1-0

[Event "11th ch-SRB 2017"]
[Site "masterchessopen.com Kragujevac SRB"]
[Date "2017.03.28"]
[Round "6.4"]
[White "Damljanovic,B"]
[Black "Perunovic,Mil"]
[Result "0-1"]
[WhiteElo "2548"]
[BlackElo "2611"]

1.d4 Nf6 2.Nf3 d5 3.c4 c6 4.Nbd2 Bf5 5.e3 e6 6.Nh4 Bg6 7.Nxg6 hxg6 8.g3 Bb4
9.Bg2 Ne4 10.O-O Bxd2 11.Bxd2 Nxd2 12.Qxd2 Nd7 13.Rac1 a5 14.b3 Qe7 15.Rc2 f5
16.f3 Nf6 17.Re1 O-O 18.e4 dxe4 19.fxe4 Nxe4 20.Bxe4 fxe4 21.Rxe4 Rf6 22.Kg2
Qf7 23.Re1 Rf8 24.Qe3 g5 25.Ree2 g4 26.Rf2 Rf3 27.Rxf3 gxf3+ 28.Kg1 Qf5 29.Rf2
c5 30.d5 e5 31.Qxc5 Qb1+ 32.Rf1 Qxa2 33.Rf2 Qb1+ 34.Rf1 Qc2 35.Rf2 Qxb3 36.h4
e4 37.d6 Qd3 {#R} 0-1

[Event "28th NATO Chess 2017"]
[Site "masterchessopen.com Budapest HUN"]
[Date "2017.03.28"]
[Round "2.3"]
[White "Przedmojski,R"]
[Black "Papista,A"]
[Result "1-0"]
[WhiteElo "2360"]
[BlackElo "2096"]

1.d4 d5 2.c4 c6 3.Nf3 Nf6 4.Nc3 dxc4 5.a4 Bf5 6.Ne5 e6 7.Nxc4 Na6 8.f3 Qc7
9.e4 Bg6 10.Be3 Rd8 11.Qb3 Be7 12.Be2 Nb4 13.a5 O-O 14.O-O Qb8 15.Ne5 b6
16.axb6 axb6 17.Na2 Nxa2 18.Nxc6 Qc7 19.Nxe7+ Qxe7 20.Rxa2 Ra8 {#r} 1-0

[Event "28th NATO Chess 2017"]
[Site "masterchessopen.com Budapest HUN"]
[Date "2017.03.28"]
[Round "2.4"]
[White "Liptay,L"]
[Black "Nielsen,JanM"]
[Result "1-0"]
[WhiteElo "2320"]
[BlackElo "2063"]

1.d4 d5 2.Nf3 Nf6 3.c4 c6 4.Nc3 a6 5.a4 e6 6.Bg5 Nbd7 7.e3 a5 8.Bd3 Be7 9.O-O
O-O 10.b3 Re8 11.Qc2 h6 12.Bh4 dxc4 13.bxc4 e5 14.dxe5 Ng4 15.e6 fxe6 16.Bg3
Bb4 17.Ne4 Qe7 18.Bh4 Ngf6 19.Nxf6+ gxf6 20.Rad1 Qg7 21.Nd4 f5 22.f4 Qf7
23.Rf3 Nf6 24.Rg3+ Kh8 25.Nf3 {#r} 1-0

[Event "28th NATO Chess 2017"]
[Site "masterchessopen.com Budapest HUN"]
[Date "2017.03.28"]
[Round "2.7"]
[White "Rosenkilde,A"]
[Black "Cheung,J"]
[Result "1-0"]
[WhiteElo "2246"]
[BlackElo "2045"]

1.d4 Nf6 2.c4 e6 3.g3 c5 4.d5 exd5 5.cxd5 b5 6.e4 Nxe4 7.Bg2 Nd6 8.Qe2+ Be7
9.Be3 Na6 10.Nd2 O-O 11.Nh3 Bb7 12.O-O Rc8 13.a4 b4 14.Rac1 Bf6 15.Bf4 Nf5
16.Qd3 g6 17.Nc4 Nb8 18.Be4 Nd4 19.Bd6 Ba6 20.Bxf8 Qxf8 21.Nf4 d6 22.Ne2 Nd7
23.b3 Nb6 24.Nxd4 Bxd4 25.Qc2 Bxc4 26.bxc4 a5 27.Rce1 Qd8 28.Qa2 Qd7 29.Bc2
Re8 30.Bb3 Re5 31.Rxe5 Bxe5 32.Re1 h5 33.f4 Bd4+ 34.Kg2 Kg7 35.Qc2 h4 36.Re2
Qg4 37.Qe4 Nd7 38.Bd1 Nf6 39.Qd3 Nh5 40.Re4 h3+ 41.Kf1 Qd7 42.g4 Nf6 43.Rxd4
Nxg4 44.Re4 Nxh2+ 45.Kg1 Ng4 46.Qxh3 {#r} 1-0

[Event "28th NATO Chess 2017"]
[Site "masterchessopen.com Budapest HUN"]
[Date "2017.03.28"]
[Round "2.9"]
[White "Sypien,M"]
[Black "Farrell,J"]
[Result "1-0"]
[WhiteElo "2228"]
[BlackElo "2031"]

1.e4 e5 2.d4 exd4 3.Nf3 Nc6 4.Bc4 d6 5.Nxd4 Nxd4 6.Qxd4 Qf6 7.Qe3 Be6 8.Bxe6
Qxe6 9.Nc3 c6 10.O-O Be7 11.Qg3 O-O-O 12.Be3 Kb8 13.f3 Nf6 14.Qf2 a6 15.Rfe1
Nd7 16.Ne2 Bf6 17.Nd4 Bxd4 18.Bxd4 f6 19.a4 Rhe8 20.Rab1 Rc8 21.Qd2 Ne5 22.b3
g5 23.Bf2 Red8 24.Qe3 Nd7 25.Rbd1 Kc7 26.c4 c5 27.Rd5 Qe7 28.Red1 Ne5 29.b4 b6
30.a5 Nxc4 31.axb6+ Nxb6 32.R5d3 Kb7 33.Rb1 Rc6 34.Rdb3 c4 35.b5 {#r} 1-0

[Event "28th NATO Chess 2017"]
[Site "masterchessopen.com Budapest HUN"]
[Date "2017.03.28"]
[Round "2.10"]
[White "Casteleijn,Diederick"]
[Black "Valeinis,J"]
[Result "0-1"]
[WhiteElo "2048"]
[BlackElo "2214"]

1.e4 e5 2.Nf3 Nc6 3.Bc4 Nf6 4.d3 h6 5.c3 g6 6.h3 Bg7 7.Bb3 O-O 8.Nbd2 d5 9.Qe2
Be6 10.Bc2 Nh5 11.g3 Qd7 12.Nb3 b6 13.Bd2 a5 14.a4 Rad8 15.Nh2 Ne7 16.g4 dxe4
17.dxe4 Nf4 18.Bxf4 exf4 19.O-O Nc6 20.Rfd1 Qe7 21.Nf3 Ne5 22.Nxe5 Bxe5 23.Nd4
Bd7 24.Rd2 h5 25.Nf3 hxg4 26.Nxe5 Qxe5 27.hxg4 Bxg4 {#R} 0-1

[Event "28th NATO Chess 2017"]
[Site "masterchessopen.com Budapest HUN"]
[Date "2017.03.28"]
[Round "2.11"]
[White "Michos,T"]
[Black "Pirs,M2"]
[Result "1-0"]
[WhiteElo "2207"]
[BlackElo "2024"]

1.d4 Nf6 2.Nf3 e6 3.c3 b6 4.Bg5 Bb7 5.Nbd2 Be7 6.e3 c5 7.Bd3 Nc6 8.O-O O-O
9.a3 cxd4 10.cxd4 Nd5 11.Bxe7 Qxe7 12.Rc1 f5 13.Qe2 Rac8 14.Ba6 Bxa6 15.Qxa6
Rc7 16.Rc4 Rb8 17.Ne5 Qd8 18.Rfc1 Nxe5 19.dxe5 Rbc8 20.Qxa7 Rxc4 21.Rxc4 Ra8
22.Qb7 h6 23.g3 Kh7 24.e4 Rb8 25.Qa6 b5 26.Rd4 fxe4 27.Nxe4 Rb6 28.Qa5 Qc7
29.Nc3 Qc5 30.Nxd5 exd5 31.Qd2 Re6 32.Rxd5 Qc7 33.Qd3+ Kg8 34.Rxd7 Qxe5
35.Rd8+ Kf7 36.Qf3+ Kg6 37.Rd5 Qe1+ 38.Kg2 Rf6 39.Qd3+ Kf7 40.Rd7+ Kf8 41.Rd8+
Kf7 42.Qd7+ {#r} 1-0

[Event "28th NATO Chess 2017"]
[Site "masterchessopen.com Budapest HUN"]
[Date "2017.03.28"]
[Round "2.12"]
[White "Oblak,Nicholas"]
[Black "Andersen,HC"]
[Result "0-1"]
[WhiteElo "2043"]
[BlackElo "2205"]

1.e4 c6 2.d3 d5 3.Nd2 g6 4.g3 Bg7 5.Bg2 e5 6.Ngf3 Ne7 7.O-O O-O 8.c3 Nd7 9.Re1
Nc5 10.Nb3 dxe4 11.Nxc5 exf3 12.Qxf3 Nd5 13.Qd1 Qc7 14.Qb3 b6 15.Ne4 h6 16.f4
exf4 17.Rf1 fxg3 18.Nxg3 Be6 19.Qa4 Rad8 20.Bd2 c5 21.Rae1 Ne7 22.Ne4 Nf5
23.Qc2 Rfe8 24.Bh3 Nd4 25.cxd4 Bxh3 26.Nf6+ Bxf6 27.Rxf6 Rxe1+ 28.Bxe1 Rxd4
29.Bg3 Qe7 30.Qf2 Rxd3 31.Qc2 Rxg3+ 32.hxg3 Qxf6 {#R} 0-1

[Event "28th NATO Chess 2017"]
[Site "masterchessopen.com Budapest HUN"]
[Date "2017.03.28"]
[Round "2.14"]
[White "Cirkvencic,F"]
[Black "Werksma,A"]
[Result "0-1"]
[WhiteElo "2030"]
[BlackElo "2192"]

1.d4 Nf6 2.Nf3 e6 3.c4 b6 4.g3 Bb7 5.Bg2 Bb4+ 6.Bd2 Be7 7.O-O O-O 8.Bc3 d5
9.Ne5 Qc8 10.Nd2 c5 11.Rc1 dxc4 12.Bxb7 Qxb7 13.Ndxc4 Rd8 14.e3 Na6 15.Qf3
Qxf3 16.Nxf3 Nd5 17.Nce5 Rac8 18.dxc5 Nxc5 19.Nd4 f6 20.Nec6 Rd7 21.Nxe7+ Rxe7
22.Bd2 Ree8 23.b4 Ne4 24.Rxc8 Rxc8 25.Rd1 e5 26.Nb5 a6 27.Be1 Nxe3 28.fxe3
axb5 29.Rd5 Rc2 30.Rxb5 Rxa2 31.Rxb6 Ng5 32.Bc3 Nf3+ 33.Kf1 Nxh2+ 34.Ke1 Ng4
35.Bd2 h5 36.Rb8+ Kh7 37.b5 g5 38.b6 Rb2 39.Ba5 h4 40.gxh4 gxh4 41.Rb7+ Kg6
42.Rb8 h3 43.Rg8+ Kf5 44.e4+ Kf4 45.Kd1 h2 46.Rh8 Kg3 47.Kc1 Rb5 48.Be1+ Kg2
{#R} 0-1

[Event "28th NATO Chess 2017"]
[Site "masterchessopen.com Budapest HUN"]
[Date "2017.03.28"]
[Round "2.16"]
[White "Kersic,M"]
[Black "Nielsen,Morten Majlund"]
[Result "1-0"]
[WhiteElo "2167"]
[BlackElo "2005"]

1.e4 e5 2.Nf3 Nc6 3.Bc4 Bc5 4.c3 Nf6 5.d3 a6 6.O-O d6 7.b4 Bb6 8.Be3 Bxe3
9.fxe3 Be6 10.Bxe6 fxe6 11.Nbd2 Qe7 12.d4 O-O 13.d5 Nd8 14.c4 c6 15.dxc6 bxc6
16.a3 Nf7 17.Qb3 Rab8 18.Qc3 Qc7 19.Rab1 Rfc8 20.Rfc1 Rb7 21.c5 d5 22.Qd3 Rd8
23.exd5 exd5 24.Qxa6 e4 25.Nd4 Ng4 26.Nf1 Ng5 27.Qe2 Qc8 28.Ng3 Rf8 29.Rf1
Rbf7 30.Rxf7 Rxf7 31.Rf1 Ne5 32.Rxf7 Ngxf7 33.Ngf5 Kh8 34.h3 g6 35.Ng3 Nd3
36.Qf1 Kg7 37.Nge2 Nfe5 38.Nf4 Nxf4 39.Qxf4 Nc4 40.a4 h6 41.a5 {#r} 1-0

[Event "28th NATO Chess 2017"]
[Site "masterchessopen.com Budapest HUN"]
[Date "2017.03.28"]
[Round "2.19"]
[White "Dusak,Aljaz"]
[Black "Schott,G"]
[Result "1-0"]
[WhiteElo "1984"]
[BlackElo "2146"]

1.Nf3 c5 2.c4 Nc6 3.Nc3 g6 4.g3 Bg7 5.Bg2 d6 6.O-O e5 7.d3 Nge7 8.Ne1 O-O
9.Nc2 Be6 10.Ne3 Qd7 11.Ned5 Bh3 12.Qa4 Bxg2 13.Kxg2 Rad8 14.Bg5 f6 15.Bd2 Nf5
16.Rab1 Rf7 17.Ne4 Nfd4 18.Qd1 Ne7 19.b4 b6 20.Nec3 Ne6 21.a4 cxb4 22.Nxe7+
Qxe7 23.Nd5 Qb7 24.Rxb4 Nc7 25.e4 Nxd5 26.cxd5 Rc7 27.Qb3 Qa6 28.a5 bxa5
29.Rb5 a4 30.Qb4 a3 31.Ra1 a2 32.Qb3 Rc5 33.Rb7 Rc2 34.Rxg7+ Kxg7 35.Qxc2 Rc8
36.Qb3 {#r} 1-0

[Event "28th NATO Chess 2017"]
[Site "masterchessopen.com Budapest HUN"]
[Date "2017.03.28"]
[Round "2.20"]
[White "Mestek,I"]
[Black "Cappon,K"]
[Result "1-0"]
[WhiteElo "2132"]
[BlackElo "1826"]

1.e4 e6 2.Nf3 d5 3.Nc3 d4 4.Ne2 c5 5.c3 Nc6 6.cxd4 cxd4 7.Qa4 Bc5 8.b4 d3
9.bxc5 dxe2 10.Bxe2 Ne7 11.O-O O-O 12.Rb1 Ng6 13.d4 f5 14.e5 Nge7 15.Bg5 h6
16.Bxe7 Nxe7 17.Bc4 g5 18.Rfd1 Nd5 19.Bxd5 Qxd5 20.Qb3 Rd8 21.Qxd5 Rxd5 22.Rd2
Rb8 23.h3 Bd7 24.Rb4 Bc6 25.a4 Rbd8 26.a5 g4 27.hxg4 fxg4 28.Nh2 h5 29.Nf1 a6
30.Ng3 h4 31.Ne4 {#r} 1-0

[Event "28th NATO Chess 2017"]
[Site "masterchessopen.com Budapest HUN"]
[Date "2017.03.28"]
[Round "2.23"]
[White "Risk,Gregory C"]
[Black "Helbig,M"]
[Result "0-1"]
[WhiteElo "1784"]
[BlackElo "2342"]

1.c4 e6 2.Nf3 Nf6 3.g3 d5 4.d4 Bb4+ 5.Bd2 Be7 6.Qc2 O-O 7.Bg2 Nbd7 8.O-O c6
9.b3 Ne4 10.Nc3 f5 11.cxd5 exd5 12.Bf4 g5 13.Be5 g4 14.Nd2 Nxe5 15.dxe5 Be6
16.Ndxe4 fxe4 17.e3 Qc7 18.Ne2 Qxe5 19.Nf4 Bf5 20.Rfd1 Bf6 21.Rac1 Qb2 22.Qc5
Rf7 23.Rc2 Be7 24.Qc3 Qxc3 25.Rxc3 a5 26.a4 Ra6 27.h4 Rb6 28.Rb1 Rb4 29.Ne2
Bd7 30.Rd1 Rf8 31.Nc1 Bf6 32.Rc2 Rd8 33.Bf1 Be5 34.Be2 Kg7 35.Rc5 b6 36.Rc2 h5
37.Ba6 Rb8 38.Bc4 Be6 39.Na2 dxc4 40.Nxb4 axb4 41.bxc4 c5 42.Rb1 Ra8 43.Kf1
Kf7 44.Ke1 Rxa4 45.Kd2 Ke7 46.Kc1 Kd7 47.Rd2+ Kc6 48.Rd8 Bxc4 49.Rc8+ Kb5
50.Re8 Bc3 {#R} 0-1

[Event "28th NATO Chess 2017"]
[Site "masterchessopen.com Budapest HUN"]
[Date "2017.03.28"]
[Round "2.24"]
[White "Hernandez,Albert Ryan"]
[Black "Pedersen,F"]
[Result "0-1"]
[WhiteElo "1934"]
[BlackElo "2295"]

1.d4 d5 2.c4 c6 3.Nc3 Nf6 4.e3 a6 5.a4 a5 6.f4 e6 7.Nf3 Bb4 8.Bd2 O-O 9.Bd3
dxc4 10.Bxc4 c5 11.Nb5 Bxd2+ 12.Qxd2 cxd4 13.Nbxd4 Qb6 14.O-O Rd8 15.Qe2 Bd7
16.Rfd1 Nc6 17.Nb5 Ng4 18.Re1 Nb4 19.Nfd4 e5 20.fxe5 Nxe5 21.Bb3 Bg4 22.Qd2
Kh8 23.h3 Bh5 24.Rf1 Bg6 25.Rac1 Rd7 26.Rc3 Rad8 27.Rfc1 Ned3 28.Rf1 Nc5
29.Qe1 Nbd3 30.Qd2 Nxb3 31.Rxb3 Nc5 32.Ra3 h6 33.b4 axb4 34.Qxb4 Nd3 35.Qd2
Ne5 36.Qc3 Be4 37.Rf4 Qg6 38.Ra2 f6 39.Raf2 Bd5 40.Nf5 Be6 41.Nxg7 Rxg7
42.Rxf6 Rd1+ 43.Kh2 Qg3# 0-1

[Event "28th NATO Chess 2017"]
[Site "masterchessopen.com Budapest HUN"]
[Date "2017.03.28"]
[Round "3.1"]
[White "Michos,T"]
[Black "Drabke,L"]
[Result "0-1"]
[WhiteElo "2207"]
[BlackElo "2466"]

1.d4 d5 2.Nf3 Nf6 3.c3 c6 4.Bf4 Bf5 5.Nbd2 Nbd7 6.e3 h6 7.h3 e6 8.Be2 Be7
9.O-O O-O 10.Qb3 Qb6 11.c4 Rfc8 12.Ne5 Nxe5 13.Bxe5 Nd7 14.Bg3 a5 15.Rfc1 Qb4
16.Nb1 Nb6 17.c5 Na4 18.Qxb4 axb4 19.b3 Nxc5 20.dxc5 Bf6 21.Nd2 Bxa1 22.Rxa1
Ra5 23.e4 Bxe4 24.Nxe4 dxe4 25.Bc4 Rca8 26.Re1 Rxc5 27.Rxe4 Rxa2 28.Bd6 Rf5
29.f4 b5 30.g4 bxc4 31.gxf5 cxb3 32.Re1 b2 33.Be5 f6 34.Bxb2 Rxb2 35.fxe6 Kf8
36.Rc1 b3 {#R} 0-1

[Event "28th NATO Chess 2017"]
[Site "masterchessopen.com Budapest HUN"]
[Date "2017.03.28"]
[Round "3.4"]
[White "Werksma,A"]
[Black "Liptay,L"]
[Result "1-0"]
[WhiteElo "2192"]
[BlackElo "2320"]

1.e4 c5 2.Nf3 Nc6 3.Bb5 g6 4.O-O Bg7 5.Bxc6 dxc6 6.d3 Nf6 7.a4 a5 8.Qe2 Bg4
9.Nbd2 Nd7 10.h3 Bxf3 11.Nxf3 e5 12.Nd2 Nf8 13.Nc4 Ne6 14.Bd2 O-O 15.Kh1 Nd4
16.Qd1 f5 17.exf5 gxf5 18.c3 Ne6 19.Qe2 Qc7 20.Rae1 Nf4 21.Bxf4 exf4 22.Qe6+
Kh8 23.Qd6 Qxd6 24.Nxd6 b5 25.Nb7 b4 26.Nxc5 bxc3 27.bxc3 Bxc3 28.Rc1 Bb4
29.Ne6 Rf6 30.Nxf4 Bd2 31.Rc4 Bxf4 32.Rxf4 Rb8 33.Rc1 Rb3 34.Rc5 Rxd3 35.Rxa5
Rd5 36.Ra7 c5 37.Rc7 Re6 38.g4 Re4 39.Rxe4 fxe4 40.a5 {#r} 1-0

[Event "28th NATO Chess 2017"]
[Site "masterchessopen.com Budapest HUN"]
[Date "2017.03.28"]
[Round "3.5"]
[White "Pavlidou,E"]
[Black "Rosenkilde,A"]
[Result "0-1"]
[WhiteElo "2166"]
[BlackElo "2246"]

1.c4 e5 2.Nc3 Nc6 3.g3 Bc5 4.Bg2 a6 5.a3 d6 6.e3 Ba7 7.Nge2 h5 8.h4 Bg4 9.b3
g5 10.Nd5 gxh4 11.Rxh4 Nf6 12.Bb2 Nxd5 13.cxd5 Ne7 14.f3 Bd7 15.f4 Ng6 16.Rh2
Bg4 17.Qc2 Qd7 18.Nc3 f5 19.Rc1 O-O-O 20.b4 h4 21.b5 a5 22.Na4 Kb8 23.fxe5
Nxe5 24.Bxe5 dxe5 25.Qc3 f4 26.b6 cxb6 27.Qxe5+ Ka8 28.Qxf4 Rhf8 29.Qd4 Qf5
30.e4 Rde8 31.d3 Qg6 32.Rxh4 Bd7 33.Qe3 Bxa4 34.Rh6 Qg7 35.Kd2 Qb2+ {#R} 0-1

[Event "28th NATO Chess 2017"]
[Site "masterchessopen.com Budapest HUN"]
[Date "2017.03.28"]
[Round "3.6"]
[White "Pietruszewski,M"]
[Black "Mestek,I"]
[Result "1-0"]
[WhiteElo "2234"]
[BlackElo "2132"]

1.e4 c5 2.Nf3 Nc6 3.d4 cxd4 4.Nxd4 d5 5.exd5 Qxd5 6.Be3 Nf6 7.Nc3 Qd6 8.Nxc6
bxc6 9.Na4 Bf5 10.Be2 e5 11.Qxd6 Bxd6 12.O-O-O Nd5 13.Bc5 Bxc5 14.Nxc5 O-O
15.Rd2 e4 16.Re1 Rfe8 17.Bc4 Nf6 18.h3 h5 19.Rd6 Rac8 20.b4 Kf8 21.a3 Red8
22.Red1 Rxd6 23.Rxd6 Ke7 24.Rd4 Bg6 25.Kd2 Rd8 26.Rxd8 Kxd8 27.Ke3 Kc7 28.Kd4
Kd6 29.Be2 e3 30.fxe3 Bxc2 31.e4 Nd7 32.Kc3 Bb1 33.Kb2 Bxe4 34.Nxe4+ Ke5
35.Nc5 Nf6 36.Bf3 g5 37.Bxc6 g4 38.Nd7+ Nxd7 39.Bxd7 f5 40.Kc3 f4 41.hxg4 h4
42.Bc6 f3 43.Bxf3 {#r} 1-0

[Event "28th NATO Chess 2017"]
[Site "masterchessopen.com Budapest HUN"]
[Date "2017.03.28"]
[Round "3.7"]
[White "Dusak,Aljaz"]
[Black "Sypien,M"]
[Result "1-0"]
[WhiteElo "1984"]
[BlackElo "2228"]

1.Nf3 Nf6 2.c4 g6 3.Nc3 Bg7 4.g3 O-O 5.Bg2 d6 6.O-O e5 7.d3 c6 8.Qc2 Qe7 9.b3
Rd8 10.Ba3 h6 11.Rae1 Nbd7 12.e3 Nf8 13.d4 exd4 14.exd4 Qc7 15.Bc1 Bf5 16.Qd1
Qd7 17.d5 c5 18.Nh4 Bh3 19.Ne4 g5 20.Nxf6+ Bxf6 21.Qf3 Be5 22.Bxh3 Qxh3 23.Qf5
Qxf5 24.Nxf5 Kh7 25.h4 gxh4 26.Nxh6 Kg6 27.g4 Rd7 28.Kg2 Nh7 29.Nf5 h3+
30.Kxh3 Rh8 31.f4 Bc3 32.Nh4+ Kg7 33.Re3 Bd4 34.Re2 Nf6 35.g5 Ng8 36.Kg4 f6
37.Nf5+ Kf7 38.Rd1 fxg5 39.fxg5 Be5 40.Rf1 Kg6 41.Bf4 Bxf4 42.Re6+ Kf7 43.Rxf4
Kf8 44.Nxd6+ Kg7 45.Ne8+ {#r} 1-0

[Event "28th NATO Chess 2017"]
[Site "masterchessopen.com Budapest HUN"]
[Date "2017.03.28"]
[Round "3.9"]
[White "Helbig,M"]
[Black "Krainski,S"]
[Result "1-0"]
[WhiteElo "2342"]
[BlackElo "2096"]

1.d4 f5 2.g3 Nf6 3.Bg2 g6 4.c4 Bg7 5.Nf3 O-O 6.Nc3 d6 7.O-O Nc6 8.b3 e5 9.dxe5
dxe5 10.Ba3 e4 11.Bxf8 Qxf8 12.Nd4 Nxd4 13.Qxd4 Be6 14.Qd2 Ng4 15.Qc2 h5
16.Rad1 h4 17.Bh3 Ne5 18.Nxe4 Qe7 19.Nd2 hxg3 20.hxg3 Kf7 21.Nf3 Nc6 22.e4 Qf6
23.exf5 gxf5 24.Rfe1 Rh8 25.Qe2 Bc8 26.c5 Rd8 27.Rxd8 Qxd8 28.Nh4 Nd4 29.Qh5+
Kf8 30.Bxf5 {#r} 1-0

[Event "28th NATO Chess 2017"]
[Site "masterchessopen.com Budapest HUN"]
[Date "2017.03.28"]
[Round "3.10"]
[White "Pedersen,F"]
[Black "Cichy,K"]
[Result "1-0"]
[WhiteElo "2295"]
[BlackElo "2052"]

1.d4 Nf6 2.Nf3 g6 3.b4 d5 4.e3 Bg7 5.Nbd2 O-O 6.Bd3 b6 7.Bb2 Bb7 8.O-O Nbd7
9.c4 c5 10.dxc5 bxc5 11.b5 Re8 12.cxd5 Bxd5 13.Qe2 e5 14.e4 Bb7 15.Nc4 Qc7
16.a4 Nh5 17.g3 f5 18.Ncd2 f4 19.Bc4+ Kh8 20.Ng5 h6 21.Ne6 Qd6 22.Nxg7 Nxg7
23.a5 Rad8 24.Rfd1 Qe7 25.Nf3 Kh7 26.Bd5 Nf6 27.Bxb7 Qxb7 28.Bxe5 Nxe4 29.a6
Qa8 30.Rxd8 Rxd8 31.Re1 Ng5 32.Nxg5+ hxg5 33.Bxg7 Kxg7 34.Qe5+ Kh7 35.Qxg5 Re8
36.Rd1 Qe4 37.Qxf4 Qe6 38.Rd6 Qe1+ 39.Kg2 Re7 40.Qh4+ {#r} 1-0

[Event "28th NATO Chess 2017"]
[Site "masterchessopen.com Budapest HUN"]
[Date "2017.03.28"]
[Round "3.13"]
[White "Bohn,U"]
[Black "Nielsen,Henr"]
[Result "1-0"]
[WhiteElo "2167"]
[BlackElo "2007"]

1.e4 c5 2.c3 d5 3.exd5 Qxd5 4.d4 Nc6 5.Nf3 cxd4 6.cxd4 e6 7.Nc3 Bb4 8.Bd3 Nge7
9.O-O Bxc3 10.bxc3 f6 11.Qe2 Qh5 12.Ba3 Kf7 13.Ne5+ {#r} 1-0

[Event "28th NATO Chess 2017"]
[Site "masterchessopen.com Budapest HUN"]
[Date "2017.03.28"]
[Round "3.14"]
[White "Kende,G"]
[Black "Wells,D"]
[Result "1-0"]
[WhiteElo "2136"]
[BlackElo "2009"]

1.e4 c5 2.Nf3 Nc6 3.Nc3 g6 4.Bc4 Bg7 5.O-O d6 6.d3 Nf6 7.h3 O-O 8.a3 a6 9.Be3
b5 10.Ba2 Bb7 11.Qd2 Re8 12.Bh6 Bh8 13.Ng5 e6 14.f4 Nd4 15.Ne2 Nxe2+ 16.Qxe2
d5 17.e5 Nd7 18.c3 Bg7 19.Bxg7 Kxg7 20.d4 c4 21.Rae1 a5 22.Bb1 Qe7 23.Qg4 h6
24.Nf3 Ra6 25.Nh4 Nf8 26.Re3 Bc8 27.Rg3 Ra7 28.f5 Qg5 29.fxg6 fxg6 30.Qxg5
hxg5 31.Nxg6 Nh7 32.h4 gxh4 33.Nxh4+ Kh8 34.Ng6+ Kg8 35.Nf8+ {#r} 1-0

[Event "28th NATO Chess 2017"]
[Site "masterchessopen.com Budapest HUN"]
[Date "2017.03.28"]
[Round "3.18"]
[White "Ladva,O"]
[Black "Demjen,A"]
[Result "1-0"]
[WhiteElo "2529"]
[BlackElo "1985"]

1.Nf3 Nf6 2.c4 g6 3.Nc3 Bg7 4.e4 d6 5.d4 O-O 6.h3 Nbd7 7.Be3 e5 8.d5 Nc5 9.Nd2
a5 10.g4 Ne8 11.g5 f5 12.h4 f4 13.Bxc5 dxc5 14.Qf3 Nd6 15.O-O-O a4 16.a3 Bd7
17.Bh3 Qe8 18.h5 b5 19.hxg6 hxg6 20.Nxb5 Nxb5 21.cxb5 Bxh3 22.Qxh3 Kf7 23.Qd3
Rb8 24.d6 Qxb5 25.Qd5+ Ke8 26.Qe6+ Kd8 27.Qe7+ {#r} 1-0

[Event "28th NATO Chess 2017"]
[Site "masterchessopen.com Budapest HUN"]
[Date "2017.03.28"]
[Round "3.19"]
[White "Binder,Ta"]
[Black "Kruit,Erik"]
[Result "1-0"]
[WhiteElo "2247"]
[BlackElo "1965"]

1.d4 Nf6 2.c4 d5 3.e3 e6 4.Nc3 c5 5.cxd5 cxd4 6.Bb5+ Bd7 7.Bxd7+ Qxd7 8.dxe6
Qxe6 9.Qxd4 Nc6 10.Qa4 Bb4 11.Ne2 O-O 12.O-O Rad8 13.a3 Bd6 14.Qh4 Rd7 15.Nb5
Bb8 16.Nbd4 Qc4 17.b3 Qd3 18.Bb2 Rd5 19.Rfd1 Qa6 20.Ng3 Ne5 21.Ndf5 Ng6 22.Qb4
Rfd8 23.Qe1 h5 24.Nf1 Rd3 25.Nd4 Ne5 26.Rdc1 Ne4 27.f3 Ng5 28.Qe2 Qg6 29.f4
Nh3+ 30.Kh1 Qe4 31.fxe5 Bxe5 32.Re1 Bxd4 33.Bxd4 Rd6 34.Rac1 Rg6 35.Ng3 Rxg3
36.hxg3 {#r} 1-0

[Event "28th NATO Chess 2017"]
[Site "masterchessopen.com Budapest HUN"]
[Date "2017.03.28"]
[Round "3.20"]
[White "Tammisto,Janek"]
[Black "Sycz,D"]
[Result "0-1"]
[WhiteElo "1935"]
[BlackElo "2176"]

1.d4 Nf6 2.Nf3 d5 3.Bf4 e6 4.e3 c5 5.c3 Nc6 6.Bd3 Bd6 7.dxc5 Bxf4 8.exf4 Nd7
9.O-O Nxc5 10.Bc2 Qf6 11.Re1 O-O 12.g3 g6 13.Ne5 Rd8 14.Nxc6 bxc6 15.Qd4 Nd7
16.Qxf6 Nxf6 17.Nd2 a5 18.b4 d4 19.Ne4 Nd5 20.Red1 dxc3 21.bxa5 Ba6 22.Bd3
Bxd3 23.Rxd3 Rxa5 24.Nxc3 Ra3 25.Rad1 Rda8 26.Nxd5 exd5 27.Rxa3 Rxa3 28.Rc1
Ra6 29.Rc2 Kf8 30.Re2 f6 31.a4 Kf7 32.Ra2 Ke6 33.Kf1 d4 34.Ke2 Kd5 35.f3 c5
36.h4 Kc4 37.a5 Kb3 38.Ra1 c4 39.Kd2 Kb4 40.g4 Rxa5 41.Rxa5 Kxa5 42.f5 gxf5
43.g5 fxg5 44.hxg5 Kb4 45.f4 Kb3 {#R} 0-1

[Event "28th NATO Chess 2017"]
[Site "masterchessopen.com Budapest HUN"]
[Date "2017.03.28"]
[Round "3.23"]
[White "Wagenaar,H"]
[Black "Sauer,Marko"]
[Result "0-1"]
[WhiteElo "1896"]
[BlackElo "2107"]

1.d4 d5 2.Nf3 c6 3.e3 Bf5 4.c4 e6 5.Nc3 Nd7 6.Bd3 Bxd3 7.Qxd3 Ngf6 8.O-O Bb4
9.a3 Ba5 10.b4 Bc7 11.e4 dxe4 12.Nxe4 Ne5 13.Nxf6+ gxf6 14.Nxe5 fxe5 15.Bb2
Qd6 16.c5 Qd5 17.Qe3 Rg8 18.f3 exd4 19.Qxd4 Qh5 20.f4 Rd8 21.Qe3 Qg4 22.g3 Rd5
23.Qf3 h5 24.Qxg4 Rxg4 25.Rae1 h4 26.Kg2 hxg3 27.hxg3 Rd3 28.Rf3 Rd2+ 29.Kh3
Rg6 30.Bc1 Rh6+ 31.Kg4 f5+ 32.Kg5 Rdh2 {#R} 0-1